000 00446nam a2200181Ia 4500
001 12531
005 20260306162948.0
008 260306t2020||||xx |||||||||||||| ||spa||
041 _aESP
082 _aHR 346
_bN° 6 NOV-DIC 2020 RDC.2
100 _aBigiavi, Walter
_eAUT
245 0 _aRivista di diritto civile
260 _c2020
300 _apáginas 1177-1377 :
_c24 cm.
650 _aGEN
654 _aCDE
942 _cREV
_dJUS
_fJUS
_2ddc
_n
999 _c12531
_d12531